000 00377nam a2200133Ia 4500
008 231129s1971||||xx |||||||||||||| ||spa||
040 _bspa
082 _a375.001 M612i
100 _aMeyer Markle Susan
245 0 _aInstruccion programada: Analisis de cuadros buenos y malos
260 _c1971
264 _aLimusa-Wiley-Centro Regional de Ayuda Tecnica
942 _2ddc
_cBKS
999 _c15749
_d15749